[Event "46th Roda Open 2019"]
[Site "La Roda"]
[Date "2019.04.19"]
[Round "5.5"]
[White "Grachev, Boris"]
[Black "Martinez Fernandez, Adrian"]
[Result "1-0"]
[WhiteElo "2618"]
[BlackElo "2318"]
[Annotator "TA"]
[PlyCount "97"]
[EventDate "2019.04.17"]
[EventType "swiss"]
[EventCountry "ESP"]
[SourceTitle "playchess.com"]
[Source "ChessBase"]
[SourceQuality "1"]

{[%evp 23,97,27,46,49,38,38,62,55,63,54,55,62,61,63,62,61,66,52,68,75,81,67,77,62,65,62,66,63,143,128,137,124,171,169,251,254,266,252,276,212,219,227,303,303,303,303,440,414,397,303,298,281,289,283,350,350,431,425,405,337,533,532,727,533,716,702,657,592,1487,425,6527,4998,29977,29978,29988,29989]} 1. Nf3 c5 2. c4 Nc6 3. Nc3 g6 4. e3 Nf6 5. d4 cxd4 6. exd4 d5 7. cxd5 Nxd5 8. Qb3 Nxc3 9. Bc4 Nd5 10. Bxd5 e6 11. Bxc6+ bxc6 12. O-O Bg7 13. Bf4 {A35: Symmetrical English: 2 Nc3 Nc6 3 Nf3} (13. Bg5 Qd6 14. Qe3 O-O 15. Bh6 Rd8 16. Bxg7 Kxg7 17. Rfc1 Rb8 18. Ne5 Bb7 19. Rc4 f6 20. Ng4 Qe7 {½-½ (73) Brown,M (2497)-Zierk,S (2482) Charlotte 2018}) 13... O-O 14. Qe3 Ba6 15. Rfc1 {White is slightly better.} Qb6 16. b3 $146 ({Predecessor:} 16. Bh6 Bxh6 17. Qxh6 f6 18. b3 Rae8 19. Rc5 Bd3 20. Qe3 Ba6 {1-0 (55) Landenbergue,C (2300)-Muresan,M (2310) Biel 1987}) 16... Rfd8 {[%cal Rg7d4]} 17. Be5 Bxe5 18. Qxe5 Rd5 19. Qe3 Bb7 20. Rc4 a5 21. Rac1 Rad8 22. h3 R8d6 23. Qf4 Qd8 24. Rc5 Kg7 25. Qe3 f6 {[#]} (25... h6 $14) 26. Rxd5 $1 $16 cxd5 27. Rc5 a4 28. bxa4 {[%cal Bb3a4,Ba4a5,Ba5b6][%mdl 32]} Ba6 (28... Rc6 {was called for.} 29. Rxc6 Bxc6) 29. a5 Bc4 30. Qa3 Ra6 31. Qb4 Ra7 32. Nd2 Bxa2 33. Qb6 Qxb6 34. axb6 $18 {[%mdl 4096] Endgame KRB-KRN} Ra8 (34... Ra4 $142 35. Rc7+ Kh6) 35. Rc7+ Kh6 36. Ra7 Rb8 {If Black can now play ...Bc4 this consolidates a bit.} 37. Rxa2 Rxb6 {KRN-KR} 38. h4 Kh5 39. Nf3 h6 40. g3 g5 41. Kg2 Rb8 (41... Rb7 {keeps fighting.} 42. Ra6 Re7 43. hxg5 hxg5) 42. Ra7 Re8 43. Rd7 Kg4 44. Rf7 Kf5 {[#]} 45. g4+ $1 Kxg4 46. Rxf6 (46. hxg5 $142 fxg5 47. Rf6) 46... Kh5 (46... gxh4 $142 47. Rxh6 Rg8 48. Rxh4+ Kf5+ 49. Kf1 Rg7) 47. hxg5 hxg5 48. Ne5 g4 49. Nf7 {Accuracy: White = 73%, Black = 31%.} 1-0

[Event "46th Roda Open 2019"]
[Site "La Roda"]
[Date "2019.04.19"]
[Round "5.6"]
[White "Popov, Ivan"]
[Black "Rodriguez Melendez, Juan Humbert"]
[Result "1-0"]
[WhiteElo "2585"]
[BlackElo "2213"]
[Annotator "RC"]
[PlyCount "59"]
[EventDate "2019.04.17"]
[EventType "swiss"]
[EventCountry "ESP"]
[SourceTitle "playchess.com"]
[Source "ChessBase"]
[SourceQuality "1"]
[TimeControl "5400+30"]

1. e4 {[%emt 0:02:04]} c5 {[%emt 0:00:00]} 2. Nf3 {[%emt 0:00:10]} d6 {[%emt 0:00:03]} 3. d4 {[%emt 0:00:09]} cxd4 {[%emt 0:00:14]} 4. Nxd4 {[%emt 0:00:08]} Nf6 {[%emt 0:00:11]} 5. Nc3 {[%emt 0:00:10]} a6 {[%emt 0:00:15]} 6. h3 {[%emt 0:00:10]} e6 {[%emt 0:00:34]} 7. g4 {[%emt 0:00:13]} Be7 {[%emt 0:00:30]} 8. Bg2 {[%emt 0:01:04]} Nfd7 {[%emt 0:02:07]} 9. Nce2 {[%emt 0:00:44]} Nc6 {[%emt 0:03:42]} 10. c3 {[%emt 0:00:15]} Qc7 {[%emt 0:04:32]} 11. O-O {[%emt 0:00:29]} O-O {[%emt 0:02:24]} 12. f4 {[%emt 0:04:46]} Rb8 {[%emt 0:12:35]} 13. g5 {[%emt 0:05:33]} Re8 {[%emt 0:08:19]} 14. f5 {[%emt 0:06:51]} e5 {[%emt 0:01:47]} 15. Nc2 {[%emt 0:00:17]} b5 {[%emt 0:02:07]} 16. Ng3 {[%emt 0:02:16]} Bf8 {[%emt 0:00:55]} 17. Ne3 {[%emt 0:01:32]} Nb6 {[%emt 0:00:19]} 18. b3 {[%emt 0:09:15]} b4 {[%emt 0:08:59]} 19. c4 {[%emt 0:01:10]} a5 {[%emt 0:01:52]} 20. f6 {[%emt 0:11:32]} g6 {[%emt 0:00:36]} 21. Nd5 {[%emt 0:00:16]} Nxd5 {[%emt 0:01:09]} 22. exd5 {[%emt 0:00:25]} Nd8 {[%emt 0:03:15]} 23. Be3 {[%emt 0:00:25]} Nb7 {[%emt 0:00:22]} 24. h4 {[%emt 0:02:47]} Nc5 {[%emt 0:05:04]} 25. h5 {[%emt 0:01:45]} a4 {[%emt 0:03:01]} 26. hxg6 {[%emt 0:01:42]} hxg6 {[%emt 0:00:10]} 27. Ne4 {[%emt 0:02:38]} Qd7 {[%emt 0:18:42]} 28. Qc2 {[%emt 0:15:21]} Qg4 {[%emt 0:02:02]} 29. Nxc5 {[%emt 0:01:01]} dxc5 {[%emt 0:00:10]} 30. Qxg6+ {[%emt 0:00:20]} 1-0

[Event "46th Roda Open 2019"]
[Site "La Roda"]
[Date "2019.04.19"]
[Round "5.7"]
[White "Orantes Taboada, Francisco"]
[Black "Forcen Esteban, Daniel"]
[Result "0-1"]
[WhiteElo "2311"]
[BlackElo "2567"]
[Annotator "TA"]
[PlyCount "58"]
[EventDate "2019.04.17"]
[EventType "swiss"]
[EventCountry "ESP"]
[SourceTitle "playchess.com"]
[Source "ChessBase"]
[SourceQuality "1"]

{[%evp 15,58,25,54,-12,-12,-20,-12,-22,-19,-59,-59,-128,-103,-109,-113,-139,-141,-149,-80,-104,-79,-125,-113,-154,-168,-177,-140,-209,-200,-206,-212,-436,-442,-439,-406,-698,-692,-732,-730,-489,-818,-1053,-1020,-1245,-1203]} 1. Nf3 g6 2. g3 Bg7 3. d4 f5 4. Bg2 Nf6 5. O-O O-O 6. c4 d6 7. Nc3 c6 8. Qb3 Kh8 9. c5 {A88: Dutch Defence: Leningrad System: 5 Nf3 0-0 6 0-0 d6 7 Nc3 c6} ({White should try} 9. Re1 $14) (9. Rd1 Na6 10. Qa3 Ne4 11. Be3 Nc7 12. Rac1 Nxc3 13. Qxc3 h6 14. Qd2 g5 15. d5 c5 16. b4 b6 17. bxc5 bxc5 {0-1 (33) Kovalyov,A (2658)-Petrosian,T (2607) Philadelphia 2018}) 9... dxc5 $11 10. dxc5 Na6 11. Qc4 {The position is equal.} Qe8 12. Rd1 $146 ({Predecessor:} 12. Ne5 Nd7 13. Nxd7 Bxd7 14. Rd1 e5 15. Be3 Be6 {0-1 (35) Rietze,C (2279)-Stremavicius,T (2466) Berlin 2015}) 12... e5 13. Rd6 ({White should play} 13. Rb1 $15) 13... Qe7 14. Bg5 e4 15. Nh4 Nc7 16. Rad1 Be6 (16... Ne6 $142 17. Bxf6 Bxf6) 17. Qb4 $17 Na6 $36 {[%mdl 2048] Keeping White busy.} 18. Qd4 Qf7 19. Qd2 Nxc5 20. Bh6 Nd5 21. Nxd5 (21. Bxg7+ $17 Qxg7 22. Rc1) 21... Bxd5 $19 ({Worse is} 21... cxd5 22. Bxg7+ Qxg7 23. b4 $16) 22. Bxg7+ Qxg7 23. Nxg6+ $2 {[#]} (23. Bf1 {keeps fighting.}) 23... hxg6 24. Qg5 Ne6 25. Rxe6 (25. Qh4+ $142 Qh7 26. Qxh7+ Kxh7 27. f3 {[%mdl 64] Remove Defender}) 25... Bxe6 {Black is clearly winning.} 26. Rd6 Qf6 27. Qh6+ Kg8 28. g4 Rad8 29. g5 Qf7 {Accuracy: White = 27%, Black = 80%.} 0-1

[Event "46th Roda Open 2019"]
[Site "La Roda"]
[Date "2019.04.19"]
[Round "5.8"]
[White "Espinosa Aranda, Angel"]
[Black "Aguilera Lopez, Alejandro"]
[Result "1-0"]
[WhiteElo "2482"]
[BlackElo "2194"]
[Annotator "TA"]
[PlyCount "67"]
[EventDate "2019.04.17"]
[EventType "swiss"]
[EventCountry "ESP"]
[SourceTitle "playchess.com"]
[Source "ChessBase"]
[SourceQuality "1"]

{[%evp 16,67,25,18,61,60,67,12,64,55,49,24,66,57,53,56,59,63,145,145,181,197,194,197,235,229,227,163,209,214,328,329,314,301,398,322,396,395,418,410,465,463,446,435,462,402,424,387,399,399,372,366,580,404]} 1. e4 c5 2. Nf3 e6 3. d4 cxd4 4. Nxd4 Nf6 5. Nc3 Nc6 6. g3 Be7 7. Bg2 O-O 8. O-O d6 9. Be3 e5 {B80: Sicilian Scheveningen: 6 g3 and 6 Be3, including English Attack} (9... Bd7 10. a4 Na5 11. Qe2 a6 12. Nb3 Nxb3 13. cxb3 e5 14. b4 h6 15. Rfc1 b5 16. axb5 axb5 17. Nxb5 Rxa1 18. Rxa1 {0-1 (39) Guseinov,G (2621)-Motylev,A (2685) Shamkir 2014}) 10. Nf5 Be6 $146 ({Predecessor:} 10... a6 11. Nxe7+ Nxe7 12. h3 Be6 13. Bg5 Ng6 14. f4 Qb6+ 15. Kh2 Bc4 16. Rf3 exf4 17. gxf4 {½-½ (32) Krasowski,S (2098)-Laurisch,W (1674) Rowy 2005}) 11. Qd2 (11. Qf3 $14) 11... Qd7 (11... Bxf5 $11 12. exf5 Qd7) 12. Nxe7+ $14 Nxe7 13. Bg5 Ne8 14. Rad1 f6 15. Be3 $36 {[%mdl 2048] White fights for an advantage.} b5 16. a4 Bc4 (16... b4 $14 17. Nb5 {[%mdl 64] Discovered Attack} b3) 17. Nxb5 $16 Bxb5 18. axb5 Qxb5 19. Ra1 a5 20. Rfd1 a4 21. Bf1 Qb7 22. Qd3 Ra5 (22... h6 $142 23. Bg2 Qc6) 23. b4 $18 {[%cal Bb2b4,Bb4b5][%mdl 32]} Ra8 24. Qb5 Qc8 25. Qc4+ Kh8 26. Qxc8 Nxc8 27. b5 Rf7 28. Bc4 Rc7 29. Bd5 Rb8 30. c4 Ne7 31. Rxa4 Nxd5 32. Rxd5 ({Resist} 32. exd5 Kg8 $18) 32... Kg8 33. b6 Rc6 (33... Rcb7 $142 34. Ra7 h6) 34. Rda5 {Accuracy: White = 73%, Black = 27%.} 1-0

[Event "46th Roda Open 2019"]
[Site "La Roda"]
[Date "2019.04.20"]
[Round "6.1"]
[White "Perez Candelario, Manuel"]
[Black "Solodovnichenko, Yuri"]
[Result "1/2-1/2"]
[WhiteElo "2615"]
[BlackElo "2554"]
[Annotator "TA"]
[PlyCount "103"]
[EventDate "2019.04.17"]
[EventType "swiss"]
[EventCountry "ESP"]
[SourceTitle "playchess.com"]
[Source "ChessBase"]
[SourceQuality "1"]

{[%evp 19,103,0,0,16,12,0,29,31,34,25,19,9,100,72,136,126,111,120,157,158,166,153,169,169,164,91,129,122,112,90,99,88,87,86,131,89,122,54,65,14,13,9,22,18,29,26,15,20,26,25,18,16,31,5,5,6,10,0,0,0,0,0,6,0,0,0,0,0,0,0,0,0,0,0,0,0,0,0,0,0,0,0,0,0,0,0]} 1. e4 c5 2. Nf3 d6 3. d4 cxd4 4. Nxd4 Nf6 5. Nc3 a6 6. g3 e5 7. Nb3 Be6 8. Bg2 Nbd7 9. a4 Be7 10. O-O O-O 11. Re1 {B91: Sicilian Najdorf: 6 g3} Rc8 {[%cal Ba8c8,Bc8c4,Bc4d4][%mdl 32]} 12. Nd2 Re8 13. Nf1 {White has an edge.} Rc4 {[#]} 14. Ne3 $146 ({Predecessor:} 14. Nd2) 14... Rd4 15. Qe2 Nb6 (15... Qa5 $11) 16. b3 d5 (16... Nbd7 $142) 17. a5 {[%cal Ba4a5,Ba5b6][%mdl 32]} Bb4 18. Bb2 Qc8 19. exd5 ({Worse is} 19. axb6 Bxc3 20. Bxc3 Qxc3 $11) 19... Bd7 20. axb6 {[#] Hoping for Nc4.} Bxc3 21. Bxc3 Qxc3 22. Rad1 (22. Rec1 $18) 22... e4 {and if ...Bb5 works, Black does fine.} 23. Rxd4 Qxd4 24. Rd1 Qxb6 25. h3 h6 26. Qd2 Qc7 27. Qd4 a5 28. d6 (28. Qa7 $16) 28... Qc6 $1 $14 29. Nc4 ({Better is} 29. Bf1 $14) 29... b5 $11 30. Ne3 Rc8 31. c4 a4 32. cxb5 Qxb5 33. bxa4 Qxa4 34. Qxa4 Bxa4 35. Rd4 Bd7 36. g4 Rc1+ {The position is equal.} 37. Kh2 Rc3 38. Bf1 g5 39. Rb4 Rc6 40. Rd4 Rc5 41. Bg2 Rc3 42. Bxe4 Nxe4 43. Rxe4 {[%mdl 4096] [#] Endgame Threatens to win with Re7. KRB-KRN} Rd3 44. h4 gxh4 45. Re5 Rxd6 46. Rh5 Rf6 47. Kg1 Kg7 48. Rxh4 Rf4 49. Kg2 Bc6+ 50. Kf1 Bd7 51. Kg2 Bc6+ 52. Kf1 {Accuracy: White = 62%, Black = 56%.} 1/2-1/2

[Event "46th Roda Open 2019"]
[Site "La Roda"]
[Date "2019.04.20"]
[Round "6.2"]
[White "Ibarra Jerez, Jose Carlos"]
[Black "Predke, Alexandr"]
[Result "1/2-1/2"]
[WhiteElo "2542"]
[BlackElo "2619"]
[Annotator "RC"]
[PlyCount "40"]
[EventDate "2019.04.17"]
[EventType "swiss"]
[EventCountry "ESP"]
[SourceTitle "playchess.com"]
[Source "ChessBase"]
[SourceQuality "1"]
[TimeControl "5400+30"]

1. Nf3 {[%emt 0:00:44]} Nf6 {[%emt 0:02:38]} 2. g3 {[%emt 0:00:29]} b6 {[%emt 0:00:06]} 3. Bg2 {[%emt 0:01:18]} Bb7 {[%emt 0:00:05]} 4. O-O {[%emt 0:00:44]} c5 {[%emt 0:01:07]} 5. c4 {[%emt 0:00:45]} g6 {[%emt 0:02:54]} 6. b3 {[%emt 0:04:48]} Bg7 {[%emt 0:00:22]} 7. Bb2 {[%emt 0:01:56]} O-O {[%emt 0:01:21]} 8. e3 {[%emt 0:09:46]} d5 {[%emt 0:03:10]} 9. d3 {[%emt 0:05:25]} Nc6 {[%emt 0:04:40]} 10. a3 {[%emt 0:05:20]} Re8 {[%emt 0:04:36]} 11. Ne5 {[%emt 0:10:39]} Qc7 {[%emt 0:15:52]} 12. Nxc6 {[%emt 0:08:12]} Bxc6 {[%emt 0:00:22]} 13. cxd5 {[%emt 0:02:13]} Bxd5 {[%emt 0:01:16]} 14. Bxd5 {[%emt 0:02:08]} Nxd5 {[%emt 0:00:11]} 15. Bxg7 {[%emt 0:00:07]} Kxg7 {[%emt 0:00:03]} 16. Qc2 {[%emt 0:01:25]} Rad8 {[%emt 0:04:50]} 17. Nc3 {[%emt 0:03:41]} Qe5 {[%emt 0:05:22]} 18. Rac1 {[%emt 0:02:24]} Rd7 {[%emt 0:04:11]} 19. Rfd1 {[%emt 0:06:46]} Red8 {[%emt 0:07:58]} 20. Nxd5 {[%emt 0:04:42]} Rxd5 {[%emt 0:02:44]} 1/2-1/2

[Event "46th Roda Open 2019"]
[Site "La Roda"]
[Date "2019.04.20"]
[Round "6.3"]
[White "Mogranzini, Roberto"]
[Black "Grachev, Boris"]
[Result "1/2-1/2"]
[WhiteElo "2449"]
[BlackElo "2618"]
[Annotator "TA"]
[PlyCount "54"]
[EventDate "2019.04.17"]
[EventType "swiss"]
[EventCountry "ESP"]
[SourceTitle "playchess.com"]
[Source "ChessBase"]
[SourceQuality "1"]

{[%evp 16,54,22,18,14,-4,-2,-4,-2,0,0,-2,-12,-8,2,-10,-20,-17,0,-6,0,-2,-8,-20,-12,-44,-9,-14,0,0,0,-2,0,-8,-4,-15,-10,-9,0,-562,466]} 1. Nf3 Nf6 2. b3 g6 3. Bb2 Bg7 4. g3 b6 5. Bg2 Bb7 6. c4 c5 7. O-O O-O 8. d4 cxd4 9. Qxd4 Na6 {A30: Symmetrical English: Double Fianchetto and Hedgehog} (9... d6 10. Nc3 Ne4 11. Qe3 Nxc3 12. Bxc3 Bxc3 13. Qxc3 Nd7 14. Rad1 Rc8 15. Qd2 Rc5 16. Nd4 Bxg2 17. Kxg2 Qa8+ 18. Kg1 {0-1 (53) Andreikin,D (2719)-Artemiev,V (2709) St Petersburg 2018}) 10. Qd2 $146 ({Predecessor:} 10. Nc3 Ne4 11. Qe3 Nxc3 12. Bxc3 Bxc3 13. Qxc3 Nc5 14. Rad1 Qc7 15. Ne5 Bxg2 16. Kxg2 Qb7+ 17. f3 {½-½ (40) Edouard,R (2607)-Tari,A (2578) Heraklio 2017}) 10... d5 11. Na3 dxc4 {The position is equal.} 12. Nxc4 Qxd2 13. Nfxd2 Bxg2 14. Kxg2 Rfd8 {[#] White must now prevent ...b5.} 15. Bxf6 Bxf6 16. Rad1 $1 b5 17. Na3 Nc7 18. Ne4 Bb2 19. Nc2 Ne6 20. f4 f5 21. Nf2 Rdc8 $36 {[%mdl 2048] Black has some pressure.} 22. Rd2 Bc3 23. Rd7 Bf6 24. Nb4 Nc5 25. Rdd1 $1 e6 26. Rc1 a5 27. Rxc5 $2 {[%mdl 8192] [#]} (27. Nbd3 $11 {and White is okay.} Nxd3 28. Nxd3) 27... Bb2 $4 {[%mdl 40960] Accuracy: White = 37%, Black = 57%. . An unexpected result.} ({Not} 27... axb4 28. Rxc8+ Rxc8 29. Nd3 $11) (27... Rxc5 $19 28. Nbd3 Rc2) 1/2-1/2

[Event "46th Roda Open 2019"]
[Site "La Roda"]
[Date "2019.04.20"]
[Round "6.4"]
[White "Martinez Reyes, Pedro Ramon"]
[Black "Popov, Ivan"]
[Result "0-1"]
[WhiteElo "2404"]
[BlackElo "2585"]
[Annotator "TA"]
[PlyCount "106"]
[EventDate "2019.04.17"]
[EventType "swiss"]
[EventCountry "ESP"]
[SourceTitle "playchess.com"]
[Source "ChessBase"]
[SourceQuality "1"]

{[%evp 10,106,31,7,12,0,30,30,21,-10,9,-3,12,14,11,16,21,20,20,25,12,0,0,0,0,0,0,0,0,0,0,-19,-22,-35,-23,-35,-33,-33,-26,-48,-35,-48,-39,-50,-8,-45,-4,-67,-58,-32,-38,-120,-120,-114,-112,-123,-109,-225,-225,-224,-217,-213,-125,-122,-125,-160,-133,-222,-212,-253,-245,-253,-208,-807,-753,-1820,-1592,-5716,-4248,-29961,-592,-29965,-29966,-29966,-29965,-29964,-29966,-29966,-29966,-29950,-29960,-29969,-29969,-29967,-29968,-29957,-29955,-29955,-29955]} 1. e4 c6 2. d4 d5 3. Nd2 dxe4 4. Nxe4 Bf5 5. Ng3 Bg6 6. Nh3 Nf6 {B18: Classical Caro-Kann: 4...Bf5 sidelines} (6... e6 7. Nf4 Bd6 8. c3 Nf6 9. h4 Bxf4 10. Bxf4 h6 11. a4 O-O 12. a5 Nd5 13. Bd2 Nd7 14. c4 N5f6 15. h5 Bh7 16. Bc3 c5 {1-0 (68) Ivanchuk,V (2726)-Artemiev,V (2691) Huaian 2017}) 7. Bc4 Nbd7 8. Nf4 Qc7 {White has an edge.} 9. c3 e6 10. Qf3 c5 11. Nxg6 hxg6 12. Bf4 $146 ({Predecessor:} 12. dxc5 Bxc5 13. Bb5 O-O-O 14. Bxd7+ Nxd7 15. Bf4 e5 16. Be3 e4 17. Qxf7 Bxe3 18. Qxg6 {0-1 (26) Bisse,V (1930)-Hollstein,J (2020) Dresden 2010}) 12... Bd6 13. Bxd6 Qxd6 14. Qxb7 O-O 15. Ne4 Qf4 16. Nxf6+ Nxf6 17. Qf3 Qxf3 18. gxf3 cxd4 19. cxd4 Rfd8 20. O-O-O Rac8 $36 {[%mdl 2048] Black has good play.} 21. b3 Rd5 {[%mdl 1024] Black has compensation.} 22. Kb2 Rh5 23. h4 Kf8 24. Rdg1 Rf5 25. Rh3 Rf4 26. Kc3 Nd5+ 27. Kd3 Rd8 (27... e5 $5 28. dxe5 Rfxc4 29. bxc4 Nf4+ {[%mdl 64] Double Attack} 30. Ke3 Nxh3 $15) 28. Bxd5 ({White should play} 28. h5 $1 $11) 28... Rxd5 $11 {[%mdl 4096] Endgame KRR-KRR} 29. Rg4 Rdxd4+ 30. Ke3 (30. Ke2 $1 $15) 30... Rxg4 $17 31. fxg4 Rxg4 {KR-KR} 32. h5 g5 $1 33. h6 (33. Ke2 $17) 33... gxh6 $19 34. Rxh6 {[#]} Kg7 $1 {[%cal Rg7h6]} 35. Rh1 {[#]} Rb4 (35... f5 $1 $19 36. Rc1 Re4+ 37. Kf3 g4+ 38. Kg2 a5 39. Rc7+ Kf6) 36. Rc1 $17 Rb5 37. Rc6 a5 38. Ra6 (38. f3 $17) 38... Kg6 39. Kf3 Kf5 40. Kg2 e5 41. a4 $2 (41. Ra7 f6 42. Kf3) 41... Rxb3 $19 42. Rxa5 Kf4 43. Ra8 e4 44. a5 Rb2 (44... Ra3 $142 45. a6 Ra2 46. a7 Ra1 47. Rh8 Rxa7 48. Rh7 Kg4 49. Rg7 Ra2 50. Rxf7 e3 51. Rg7 Rxf2+ 52. Kg1 Rf4 53. Kg2 Rf8 54. Rh7 Rf2+ 55. Kg1 Kf3 56. Rf7+ Ke2 57. Rg7 Rf4 58. Rxg5 Kd3 59. Kg2 e2 60. Rd5+ Ke4 61. Rd8 Rf1 62. Re8+ Kd3 63. Rd8+ Kc4 64. Rc8+ Kb5 65. Rb8+ Kc6 66. Re8 e1=Q 67. Rxe1 Rxe1 68. Kf3 Kd6 69. Kf4 Ke6 70. Kg4 Re4+ 71. Kg3 Ke5 72. Kf3 Kf5 73. Kg3 Re3+ 74. Kf2 Kf4 75. Kg2 Re2+ 76. Kf1 Kf3 77. Kg1 Re1+ 78. Kh2 Rb1 79. Kh3 Rh1#) 45. Kg1 Ra2 {Black mates.} 46. a6 g4 47. Rf8 f5 48. Rf6 Ra1+ 49. Kg2 Ra5 50. Rg6 Ra2 51. a7 Rxa7 52. Rb6 Ra3 53. Rb2 g3 {Accuracy: White = 35%, Black = 72%.} 0-1

[Event "46th Roda Open 2019"]
[Site "La Roda"]
[Date "2019.04.20"]
[Round "6.5"]
[White "Forcen Esteban, Daniel"]
[Black "Espinosa Aranda, Angel"]
[Result "1-0"]
[WhiteElo "2567"]
[BlackElo "2482"]
[Annotator "TA"]
[PlyCount "87"]
[EventDate "2019.04.17"]
[EventType "swiss"]
[EventCountry "ESP"]
[SourceTitle "playchess.com"]
[Source "ChessBase"]
[SourceQuality "1"]

{[%evp 9,87,-1,15,23,20,20,21,15,15,19,16,18,26,20,30,20,20,18,27,14,25,19,5,5,34,34,35,36,36,36,43,43,43,45,37,53,70,43,60,66,134,110,140,89,185,204,262,247,250,228,483,477,428,461,480,480,475,452,455,446,628,619,584,572,802,1036,1049,1049,29976,29978,29982,1696,1038,0,29982,29983,29990,658,29979,29981]} 1. c4 c5 2. Nc3 g6 3. g3 Bg7 4. Bg2 Nc6 5. a3 a5 6. d3 {A36: Symmetrical English vs ...g6: 4 Bg2 Bg7} e6 7. e4 Nge7 8. h4 $146 {The position is equal.} ({Predecessor:} 8. Nge2 O-O 9. O-O Nd4 10. Nxd4 cxd4 11. Na4 d6 12. b4 Bd7 13. b5 Rc8 {1-0 (26) Drygalov,A (2481)-Lintchevski,D (2516) St Petersburg 2018}) 8... h5 9. Bg5 d6 10. Nge2 Nd4 11. Rb1 f6 12. Be3 e5 13. O-O O-O 14. b4 axb4 15. axb4 b6 16. Bd2 Nxe2+ 17. Nxe2 Bg4 18. f3 Be6 19. b5 Qd7 20. Ra1 Qb7 21. Nc3 Rxa1 22. Qxa1 f5 23. Qc1 fxe4 24. fxe4 Rxf1+ (24... Ra8 $14) 25. Qxf1 $16 Kh7 26. Bg5 (26. Bh3 $142 $1 {[%cal Rh3e6]} Bxh3 27. Qxh3) 26... Ng8 {[#]} (26... Qa7 $16 {might work better.}) 27. Bh3 $1 $18 {[%cal Rh3e6]} Bxh3 28. Qxh3 Qa7 {aiming for ...Qa1+.} 29. Nd5 Nh6 $2 {[#]} (29... Bh6 {keeps fighting.} 30. Bd8 Bg7) 30. Bxh6 $1 Kxh6 31. Qf1 Kh7 32. Qf3 Kh6 33. Kg2 Kh7 34. Kh3 Kg8 (34... Bh6 $142 35. g4 hxg4+ 36. Qxg4 (36. Kxg4 Bf4 $16) 36... Qa1 37. Nf6+ Kg7 38. Nh5+ Kf8) 35. g4 hxg4+ 36. Qxg4 Qa3 37. Qxg6 Qxd3+ 38. Kg4 {Intending Nf6+ and mate.} Qe2+ {[#]} 39. Kf5 $1 {[%mdl 512]} Kh8 40. Qe8+ (40. Ke6 $142 Qf1 41. Nxb6 Qf8 42. Nd5 Qc8+ 43. Kxd6 Qd8+ 44. Kxc5 Qf8+ 45. Kc6 Qa8+ 46. Kd7 Qb7+ 47. Nc7) 40... Kh7 41. Qg6+ (41. Nxb6 $18 Qf3+ 42. Ke6) 41... Kh8 42. Ke6 Qxc4 43. Qf5 (43. Qh5+ $142 Kg8 44. Kd7 Qxd5 45. exd5 e4 46. Kxd6 e3 47. Kc6 e2 48. Qxe2) 43... Qc1 44. Kf7 {Accuracy: White = 79%, Black = 38%.} 1-0